|
|
|
|
| LEADER |
00000naa2a2200000 4500 |
| 001 |
626433 |
| 005 |
20231227154009.0 |
| 035 |
|
|
|a (RuTPU)RU\TPU\conf\25803
|
| 035 |
|
|
|a RU\TPU\conf\25800
|
| 090 |
|
|
|a 626433
|
| 100 |
|
|
|a 20180228d2018 k y0rusy50 ba
|
| 101 |
0 |
|
|a eng
|
| 102 |
|
|
|a RU
|
| 105 |
|
|
|a y z 101zy
|
| 135 |
|
|
|a drcn ---uucaa
|
| 181 |
|
0 |
|a i
|
| 182 |
|
0 |
|a b
|
| 200 |
1 |
|
|a Design of led-based medical equipment for bright light therapy
|f M. S. Kukhta [et al.]
|
| 203 |
|
|
|a Текст
|c электронный
|
| 225 |
1 |
|
|a Компьютерная графика и дизайн
|
| 300 |
|
|
|a Заглавие с титульного экрана
|
| 320 |
|
|
|a [Библиогр.: с. 314 (7 назв.)]
|
| 463 |
|
0 |
|0 (RuTPU)RU\TPU\conf\25518
|t Молодежь и современные информационные технологии
|o сборник трудов XV Международной научно-практической конференции студентов, аспирантов и молодых учёных, 04-07 декабря 2017 г., г. Томск
|f Национальный исследовательский Томский политехнический университет, Инженерная школа информационных технологий и робототехники ; под ред. С. С. Михалевич [и др.]
|v [С. 313-314]
|d 2018
|
| 610 |
1 |
|
|a электронный ресурс
|
| 610 |
1 |
|
|a труды учёных ТПУ
|
| 610 |
1 |
|
|a дизайн
|
| 610 |
1 |
|
|a светодиодное освещение
|
| 610 |
1 |
|
|a медицинское оборудование
|
| 610 |
1 |
|
|a терапия
|
| 610 |
1 |
|
|a депрессия
|
| 610 |
1 |
|
|a свет
|
| 610 |
1 |
|
|a биологические ритмы
|
| 701 |
|
1 |
|a Kukhta
|b M. S.
|c Specialist in the field of industrial design
|c Professor of Tomsk Polytechnic University, Doctor of philosophical sciences
|f 1963-
|g Maria Sergeevna
|3 (RuTPU)RU\TPU\pers\32999
|9 16844
|
| 701 |
|
1 |
|a Sidorenko
|b E.
|
| 701 |
|
1 |
|a Simutkin
|b G.
|
| 701 |
|
1 |
|a Glushkov
|b G.
|
| 712 |
0 |
2 |
|a Национальный исследовательский Томский политехнический университет
|b Инженерная школа новых производственных технологий
|b Отделение материаловедения
|3 (RuTPU)RU\TPU\col\23508
|
| 801 |
|
2 |
|a RU
|b 63413507
|c 20201229
|g RCR
|
| 856 |
4 |
|
|u http://earchive.tpu.ru/handle/11683/46468
|
| 942 |
|
|
|c BK
|